| 000 | 07245nam0a22008051 4500 | ||
|---|---|---|---|
| 001 | RU\NLR\A1\1510 | ||
| 005 | 20260407103851.0 | ||
| 035 | _a(NLR Aleph) 009671662 | ||
| 090 |
_a9664147 _c9664147 |
||
| 100 | _a19960701d1777 k y0rusy50 ca | ||
| 101 | 0 | _arus | |
| 102 | _aRU | ||
| 140 | _ay y kb yaa0100 | ||
| 200 | 1 |
_aКраткое начертание римских и российских прав _eС показанием купно обоих равномерно как и чиноположения оных историй, _fСочиненное подпорутчиком Алексеем Артемьевым. |
|
| 210 |
_aВ Москве _cПри Императорском университете _d1777 |
||
| 215 |
_a[10], 190 с. _d8° |
||
| 314 | _aСост. по лекциям Ф.Г.Дильтея | ||
| 314 | _aНа с.[3-8] посвящ. авт. И.И.Мелиссино. | ||
| 316 |
_aЭкз. РНБ (18.70.4.37) в цельнокожаном коричневом пер. Корешок с 5-ю бинтами, фрагментом тисненой надписи: "Краткое начертание прав" и бумаж. наклейкой с порядковым номером книги на полке: "37". Обрез тонированный красный. На нижней крышке пер. экслибрис Рус. фонда ГПБ с шифром. Форзацы из бумаги "павлинье перо". На форзаце ярлык с шифром РНБ, наклеенный поверх экслибриса Эрмитаж. б-ки и ярлык с перечеркнутым старым шифром РНБ. На тит. л., с.33 и 190 круглый штамп ГПБ. _5NLR: 18.70.4.37 |
||
| 316 |
_aЭкз. РНБ (139/5) в цельнокожаном коричневом пер. Корешок с золотоым тиснением и черной кожаной наклейкой с надписью: "Начерт римск прав". Обрез тонированный желтый. На нижней крышке пер. экслибрис Рус. фонда ГПБ с шифром. На об. тит. л., с.[4], 33 и 190 круглый штамп ГПБ. _5NLR: 139/5 |
||
| 316 |
_aЭкз. РНБ (139/5а) в цельнокожаном коричневом пер. Корешок с 5-ю бинтами, золотым тиснением и кожаной наклейкой аналогичного с пер. цвета с загл.: "Начертани римских и российск прав". Обрез тонированный красный. На нижней крышке пер. экслибрис Рус. фонда ГПБ с шифром. Форзацы из бумаги "павлинье перо". На тит. л. круглый штамп ГПБ: "Дублет". На об. тит. л., с.33 и 190 круглый штамп ГПБ. _5NLR: 139/5а |
||
| 316 |
_aЭкз. РНБ (РЗФ 18 в. 3/860) в цельнокожаном коричневом пер. с разводами. Корешок с 5-ю бинтами, золотым тиснением и красной кожаной наклейкой с загл.: "Римск[их] и росс[ийских] прав". Обрез тонированный красный. На нижней крышке пер. экслибрис РЗФ ГПБ с шифром. Форзацы из бумаги "павлинье перо". Имеются чит. пометы. _5NLR: РЗФ 18 в. 3/860 |
||
| 316 |
_aЭкз. РНБ (РЗФ 18 в. 3/860а) в цельнокожаном коричневом пер. Крышки пер. украшены рамками блинтового тиснения. Корешок с 5-ю бинтами, золотым тиснением и красной кожаной наклейкой с загл.: "Российс[ких] прав". Обрез тонированный красный. На нижней крышке пер. экслибрис РЗФ ГПБ с шифром. Форзацы из бумаги "павлинье перо". На тит. л. круглый штамп ГПБ "Дублет" и штамп РПБ в венке с датой: 1919 красными чернилами. Имеются чит. пометы. С.[3-10] ошибочно вплетены после с.16. _5NLR: РЗФ 18 в. 3/860а |
||
| 316 |
_aЭкз. СПбГУ деф.: отсутствует тит. л. _5СПбГУ |
||
| 317 |
_aЭкз. РНБ (РЗФ 18 в. 3/860а) с владельч. надписью на тит. л.: "Ивана Морозова". _5NLR: РЗФ 18 в. 3/860а |
||
| 317 |
_aВ экз. РНБ (139/5а) на об. форзаца владельч. надпись: "Из библиотеки Агеевых" _5NLR: 139/5а |
||
| 317 |
_aВ экз. РНБ (18.70.4.37) на форзаце экслибрис Эрмитаж. б-ки (Богомолов 17895), поверх которого наклеен ярлык с шифром РНБ. На чистом листе, вклеенном между форзацем и тит. л., штамп Царскосел. б-ки (Богомолов 16867). _5NLR: 18.70.4.37 |
||
| 317 |
_aОдин из экз. РГАДА из б-ки Ф.Ф.Мазурина _5РГАДА |
||
| 317 |
_aЭкз. ИМПИ из б-ки Д.Г.Бурылина _5ИМПИ |
||
| 321 | _aСК XVIII 316 | ||
| 620 | _dМосква | ||
| 700 | 1 |
_4070 _7ca _8rus _aАртемьев _bА. А. _fок. 1740-1820 _gАлексей Артемьевич _9189991 _3RU\NLR\AUTH\770190042 |
|
| 702 | 1 |
_4100 _8rus _7ca _aДильтей _bФ. Г. _f1723-1781 _gФилипп Генрих _3RU\NLR\AUTH\7795878 _978804 |
|
| 702 | 1 |
_aМазурин _bФ.Ф. _f1845-1898 _gФедор Федорович _4390 |
|
| 702 | 1 |
_4070 _8rus _7ca _aБурылин _bД. Г. _f1852-1924 _gДмитрий Геннадьевич _3RU\NLR\AUTH\771726 _9111746 |
|
| 702 | 1 |
_aМорозов _bИ. _gИван _5NLR: РЗФ 18 в. 3/860а _4390 |
|
| 702 | 1 |
_4280 _7ca _8rus _aМелиссино _bИ. И. _f1718-1795 _gИван Иванович _9168421 _3RU\NLR\AUTH\770168469 |
|
| 712 | 0 | 2 |
_4610 _aМосковский университет _bТипография _3RU\NLR\AUTH\889932963 _9361140 |
| 722 | 1 |
_aАгеевы _5NLR: 139/5а _4390 |
|
| 801 | 0 |
_aRU _bNLR _c19960701 |
|
| 852 |
_aNLR _j18.70.4.37 |
||
| 852 |
_aNLR _j139/5 |
||
| 852 |
_aNLR _j139/5а |
||
| 852 |
_aNLR _bРЗФ _j18 в. 3/860 |
||
| 852 |
_aNLR _bРЗФ _j18 в. 3/860а |
||
| 899 | _aЗНБ ВГУ | ||
| 899 | _aЗНБ СГУ | ||
| 899 | _aИМПИ | ||
| 899 | _aСПбТУ | ||
| 899 | _aКостОУНБ | ||
| 899 | _aВМП | ||
| 899 | _aРГБ | ||
| 899 | _aБАН | ||
| 899 | _aНБ УрГУ | ||
| 899 | _aМГУ | ||
| 899 | _aГПИБ | ||
| 899 | _aНБ ПетрГУ | ||
| 899 |
_aЯИАМЗ _y2 экз. |
||
| 899 |
_aРГАДА _y2 экз. |
||
| 899 | _aТверОУНБ | ||
| 899 |
_aЯОУНБ _y2 экз. |
||
| 899 | _aСОУНБ | ||
| 899 | _aСПбГУ | ||
| 899 | _aНГОУНБ | ||
| 899 |
_aНГОНБ _y2 экз. |
||
| 899 |
_aНБЛ КГУ _y2 экз. |
||
| 942 | _cBOOK | ||
| 980 | _aNB | ||
| 980 | _aA1XVIIIv | ||